| 000 | 00821nam a2200193Ia 4500 | ||
|---|---|---|---|
| 999 |
_c50459 _d50459 |
||
| 003 | GCL | ||
| 005 | 20240530104748.0 | ||
| 008 | 140319s1997 ua 000 0 ara d | ||
| 020 | _a9772358328 | ||
| 040 |
_aGCL / _cGCL |
||
| 082 | 0 | 4 |
_a923.7/ _bم أ |
| 110 | 1 |
_aالمجلس الاعلى للثقافة : _bلجنة علم النفس والتربية |
|
| 245 | 1 | 0 |
_aابحاث ندوة تكريم رواد علم النفس والتربية : _b( يونية 1997 ) / _cالمجلس الاعلى للثقافة لجنة علم النفس والتربية |
| 260 |
_aالقاهرة : _bالمجلس الاعلى للثقافة ، _c1997. |
||
| 300 |
_a275 ص ؛ _c24 سم. |
||
| 650 | 0 | 7 |
_2qrmak _aالتربويون المصريون _vتراجم |
| 650 | 0 | 4 |
_2qrmak _aعلماء النفس _vتراجم |
| 942 |
_2ddc _cBK |
||